000
00285nam a2200109Ia 4500
001
1276661
005
20260417160451.0
008
260417s9999 xx 000 0 und d
020
_a
9789944693899
245
0
_a
Tuhaf Yaratıklar Çiftliği
_c
Mehmet Atilla
260
_b
Tudem Yayınları
999
_c
1276661
_d
1276661